When times get tough (Record no. 84123)
[ view plain ]
| 000 -LEADER | |
|---|---|
| fixed length control field | 00849cab a22001935a 4500 |
| 001 - CONTROL NUMBER | |
| control field | L156694 |
| 008 - FIXED-LENGTH DATA ELEMENTS--GENERAL INFORMATION | |
| fixed length control field | 120626e20120623xxk 000 0 eng d |
| 035 ## - SYSTEM CONTROL NUMBER | |
| System control number | (Sirsi) u156694 |
| 041 0# - LANGUAGE CODE | |
| Language code of text/sound track or separate title | eng |
| 100 1# - MAIN ENTRY--PERSONAL NAME | |
| Personal name | Martin-Royle, Claire |
| 245 00 - TITLE STATEMENT | |
| Title | When times get tough |
| 260 ## - PUBLICATION, DISTRIBUTION, ETC. | |
| Date of publication, distribution, etc. | 2012 |
| 490 ## - SERIES STATEMENT | |
| Series statement | Estates Gazette |
| Volume/sequential designation | (1225) 23 June 2012, 80-82(3) |
| 520 ## - SUMMARY, ETC. | |
| Summary, etc. | Offers advice to commercial landlords on how to protect themselves if a tenant goes out of business. Landlords should familiarise themselves with terms of the lease and look out for any indications that tenants are in financial distress such as late payment of rent. Rent deposits and third party security such as guarantees and sureties offer protection against insolvency. |
| 590 ## - LOCAL NOTE (RLIN) | |
| Local note | KA |
| 651 #4 - SUBJECT ADDED ENTRY--GEOGRAPHIC NAME | |
| Geographic name | England and Wales |
| Chronological subdivision | 1543- |
| 690 ## - LOCAL SUBJECT ADDED ENTRY--TOPICAL TERM (OCLC, RLIN) | |
| Topical term or geographic name as entry element | Landlord and tenant |
| 9 (RLIN) | 6252 |
| 942 ## - ADDED ENTRY ELEMENTS (KOHA) | |
| Suppress in OPAC | 0 |
| Withdrawn status | Lost status | Source of classification or shelving scheme | Damaged status | Not for loan | Home library | Current library | Shelving location | Date acquired | Total Checkouts | Full call number | Barcode | Date last seen | Copy number | Price effective from | Koha item type |
|---|---|---|---|---|---|---|---|---|---|---|---|---|---|---|---|
| Dewey Decimal Classification | London | London | Journal article | 26/06/2012 | L156694 | 156694-1001 | 06/08/2019 | 1 | 06/08/2019 | Journal article |